000 00422nam a2200181Ia 4500
100 _aCarr/Joseph J/ Brown/J.M
650 _aBiomedical
250 _a4
942 _cBK
366 _f25
654 _abiomedical equipment technology
245 _aIntroduction to Biomedical equipment technology
260 _bPearson Education
_c2001
082 _a610.28
_bCAR
300 _a761
546 _aENGLISH
999 _c28364
_d28364